El lenguaje de la visión

محفوظ في:
التفاصيل البيبلوغرافية
المؤلف الرئيسي: Kepes, Gyorgy (مؤلف)
التنسيق: كتاب
اللغة:الإسبانية
منشور في: Buenos Aires Ediciones Infinito 1969
الطبعة:1a. ed
سلاسل:Biblioteca de Diseño y Artes Visuales, 6
الموضوعات:
الوسوم: إضافة وسم
لا توجد وسوم, كن أول من يضع وسما على هذه التسجيلة!

MARC

LEADER 00000nam a2200000 a 4500
001 UCG5024
003 CL-VaPUC
008 101230e19690000AG |||||||||||||||||spa|d
082 0 4 |a 709.04  |b KEP  |2 21 
100 |a Kepes, Gyorgy  |e author  |9 554559 
245 1 3 |a El lenguaje de la visión 
250 |a 1a. ed 
300 |a 302 p 
942 |c BK 
945 |d 20101230 00:00:00  |a dcastane 
260 |a Buenos Aires  |b Ediciones Infinito  |c 1969 
650 0 |a Arte moderno   |y Siglo 20   |9 265274 
650 0 |a Artes gráficas  |9 265865 
583 |a last modification  |c 20101230 00:00:00  |k Rodrigo Vera 
490 0 |a Biblioteca de Diseño y Artes Visuales, 6 
999 |c 343598  |d 343596 
952 |0 0  |1 0  |4 0  |6 709_040000000000000_KEP_1969  |7 0  |8 P  |9 441033  |a BIBEDU  |b BIBEDU  |c BIBEDU_PB  |d 2019-11-22  |i 4740106  |o 709.04 KEP 1969  |p 4740106  |r 2024-01-25  |w 2019-11-22  |y BK  |k FIL